Actex study manual for the course 110 examination of the Society of Actuaries and the part 2 examination of the Casualty Actuarial Society
Spremljeno u:
| Glavni autor: | |
|---|---|
| Format: | Knjiga |
| Jezik: | engleski |
| Izdano: |
Toronto
ACTEX Publications
1966
|
| Teme: | |
| Oznake: |
Dodaj oznaku
Bez oznaka, Budi prvi tko označuje ovaj zapis!
|
MARC
| LEADER | 00000nam a2200000 a 4500 | ||
|---|---|---|---|
| 001 | UCP2091 | ||
| 003 | CL-VaPUC | ||
| 008 | 990507e19660000CN |||||||||||||||||eng|d | ||
| 082 | 0 | 4 | |a 519.5 |b BRO |2 21 |
| 100 | 0 | |a Broverman, Samuel A |e author |9 428553 | |
| 245 | 1 | 0 | |a Actex study manual for the course 110 examination of the Society of Actuaries and the part 2 examination of the Casualty Actuarial Society |
| 300 | |a 271 p | ||
| 942 | |c BK | ||
| 945 | |d 19990507 00:00:00 |a rbrito | ||
| 260 | |a Toronto |b ACTEX Publications |c 1966 | ||
| 650 | 0 | |a Estadística matemática |9 260028 | |
| 650 | 0 | |a Probabilidades |9 260199 | |
| 650 | 0 | |a Notarios |9 254869 | |
| 583 | |a last modification |c 19990507 00:00:00 |k Rodrigo Vera | ||
| 999 | |c 280687 |d 280685 | ||
| 952 | |0 0 |1 0 |4 0 |6 519_500000000000000_BRO_1966 |7 0 |8 A |9 321151 |a BIBGIM |b BIBGIM |d 2019-11-20 |i 321091K |o 519.5 BRO 1966 |p 321091K |r 2025-01-15 |w 2019-11-20 |y BK |k EST | ||